Statistics for Guess the singer

Click here to take the quiz!

General Stats

  • This quiz has been taken 59 times
  • The average score is 42 of 100

Answer Stats

Popular songMusical act% Correct
Rolling in the deepAdele
91%
RoarKaty perry
91%
Moves like jaggerMaroon 5
87%
Bad romanceLady gaga
85%
GrenadeBruno mars
83%
UmbrellaRihanna
83%
BabyJustin bieber
76%
ToxicBritney Spears
72%
Too good at goodbyesSam smith
70%
Dancing queenAbba
67%
Tik tokKesha
67%
Lose yourselfEminem
67%
American idiotGreen day
65%
Forget youCeelo green
65%
Stayin aliveBee gees
63%
Purple rainPrince
63%
RadioactiveImagine dragons
63%
Barbie girlAqua
63%
Uptown funkMark ronson
61%
Thinking out loudEd sheeran
61%
Cheap thrillsSia
61%
WonderwallOasis
61%
Waka wakaShakira
61%
Livin on a prayerBon jovi
59%
Thrift shopMacklemore
59%
Party rock anthemLmfao
59%
Ice Ice BabyVanilla Ice
57%
Men in blackWill smith
57%
So whatPink
57%
One danceDrake
57%
All of meJohn legend
57%
Cry me a riverJustin timberlake
57%
What a wonderful worldLouis armstrong
54%
Best Song EverOne Direction
52%
Take on meA ha
52%
StarboyThe weeknd
50%
I will surviveGloria Gaynor
50%
Bleeding loveLeona lewis
50%
Boom boom powBlack eyed peas
50%
See you againCharlie puth
48%
MalibuMiley Cyrus
48%
Never gonna give you upRick astley
48%
Space oddityDavid bowie
48%
Sweet CarolineNeil Diamond
46%
Wake me upAvicii
46%
ClocksColdplay
46%
YeahUsher
46%
Eye of the tigerSurvivor
46%
StarshipsNicki minaj
43%
Somebody that i used to knowGotye
43%
TitaniumDavid guetta
43%
Let her goPassenger
43%
HavanaCamila Cabello
43%
Every breath you takeThe police
43%
DespacitoLuis Fonsi
43%
Counting starsOne republic
41%
Bye bye byeN sync
41%
Candy shop50 cent
41%
WaterfallsTLC
41%
Black and yellowWiz khalifa
39%
We are youngFun
39%
Scream and shoutWill.i.am
39%
Cake by the oceanDNCE
39%
Stressed outTwenty one pilots
39%
FadedAlan walker
39%
SwallaJason derulo
37%
All starSmash mouth
33%
AirplanesB.o.B
30%
CloserThe Chainsmokers
30%
CongratulationsPost Malone
30%
Fight SongRachel Platten
28%
HelloLionel richie
28%
Gucci gangLil pump
26%
SummerCalvin harris
24%
HeroEnrique Iglesias
24%
Shut up and danceWalk the moon
24%
Hall of fameThe Script
24%
PompeiiBastille
22%
FirestarterThe prodigy
22%
ImpossibleJames Arthur
20%
Sucker for painLil wayne
20%
Hit the Road JackRay Charles
20%
MacarenaLos del rio
20%
Our houseMadness
17%
Best day of my lifeAmerican authors
17%
AnywhereRita ora
17%
SkinRag n bone man
15%
GoldSpandau Ballet
13%
AnimalsMartin garrix
11%
HumanThe killers
11%
SilenceMarshmello
11%
WavesMr probz
9%
Read all about itEmeli sande
9%
LonelyAkon
9%
Sucker for youMatt Terry
4%
CandyRobbie Williams
4%
Written in the starsTinie tempah
4%
Shooting starsBag raiders
2%
Earth quakeLabrinth
2%
These daysTake that
2%

Score Distribution

Percentile by Number Answered

Percent of People with Each Score

Your Score History

You have not taken this quiz